| 000 | 00943cam a22002894a 4500 | ||
|---|---|---|---|
| 001 | 20566576 | ||
| 003 | OSt | ||
| 005 | 20250515150039.0 | ||
| 008 | |||
| 020 | _a9780123918789 (paperback) | ||
| 040 |
_aNUST _cNUST _beng _dNUST _erda |
||
| 050 | _aQC355.3 GIL | ||
| 100 | 1 |
_aGilbert, Pupa _eAuthor |
|
| 245 | 1 | 0 |
_aPhysics in the arts / _cP.U.P.A. Gilbert and W. Haeberli |
| 250 | _aRevised edition | ||
| 260 |
_aAmsterdam : _bAcademic Press, _c2012 |
||
| 300 |
_axiii, 312 pages : _bcolor illustrations ; _c23 cm |
||
| 336 |
_atext _btxt _2rdacontent |
||
| 337 |
_aunmediated _bn _2rdamedia |
||
| 338 |
_avolume _bnc _2rdacarrier |
||
| 440 | 1 | _aComplementary science series | |
| 504 | _aIncludes bibliographical references | ||
| 650 | 0 | _aLight | |
| 650 | 0 |
_aMusic _xAcoustics and physics |
|
| 700 | 1 | _aHaeberli, W. | |
| 942 |
_cBOOKS _kQC _mGIL _2lcc _eRevised Edition. _hQC355.3 GIL _n0 |
||
| 999 |
_c168919 _d168919 |
||